000 00522cam a2200169 4500500
005 20260405003255.0
041 _afre
042 _adc
100 1 0 _aPortevin, Catherine
_eauthor
245 0 0 _aCéder n’est pas consentir
260 _c2021.
500 _a42
690 _aClotilde Leguil
690 _aConsentement
786 0 _nPhilosophie magazine | 148 | 4 | 2021-04-01 | p. 73-73 | 1951-1787
856 4 1 _uhttps://shs.cairn.info/magazine-philosophie-magazine-2021-4-page-73?lang=fr&redirect-ssocas=7080
999 _c2065995
_d2065995